[Event "9th LCC FIDE Open 2017"]
[Site "London"]
[Date "2017.12.06"]
[Round "6"]
[White "Fenil, Shah"]
[Black "Zhou, Yang-Fan"]
[Result "1/2-1/2"]
[WhiteElo "2324"]
[BlackElo "2459"]
[Annotator "TA"]
[PlyCount "66"]
[EventDate "2017.??.??"]
[EventCountry "ENG"]
[SourceTitle "playchess.com"]
[Source "ChessBase"]
[SourceQuality "1"]

{[%evp 26,66,0,0,13,14,11,8,11,14,29,27,34,18,35,25,33,4,9,0,11,0,36,0,108,82,82,27,19,12,9,9,18,0,0,0,2,0,0,0,0,0,0]} 1. e4 c5 2. c3 Nf6 3. e5 Nd5 4. d4 cxd4 5. Nf3 d6 6. cxd4 e6 7. a3 Bd7 8. Bd3 Bc6 9. O-O Nd7 10. b4 a6 11. Nbd2 {B22: Sicilian: 2 c3} Nc3 (11... dxe5 12. dxe5 Nc3 13. Qc2 Rc8 14. Qxc3 Bxf3 15. Qd4 Bd5 16. Be4 Qb6 17. Bb2 Qxd4 18. Bxd4 Bxe4 19. Nxe4 {0-1 (51) Mosadeghpour,M (2469)-Bruzon Batista,L (2653) Bandar e Anzali 2017}) 12. Qb3 Rc8 13. Qxc3 Bxf3 14. Qb2 {LiveBook: 9 Games} Bd5 15. Ne4 Bxe4 16. Bxe4 d5 17. Bd3 Be7 18. Qe2 Nb6 $146 ({Predecessor:} 18... g6) 19. Qg4 $36 {[%mdl 2048] White fights for an advantage.} g6 20. Bh6 Rc3 21. Rfd1 Bf8 $1 {[%cal Rf8h6]} 22. Bg5 Be7 23. Bh6 Bf8 24. Bg5 Qc7 (24... Be7 $11 25. Bh6) 25. Rac1 {[#] Threatens to win with Qh3.} (25. Qh3 {is interesting.} Be7 26. Bd2 Rc4 27. Bxc4 dxc4 28. Bh6) 25... Bg7 26. Qe2 ({Better is} 26. h4 $16) 26... O-O $11 27. Bd2 {The position is equal.} Rxc1 28. Rxc1 Qb8 29. b5 axb5 30. Bxb5 Rc8 31. Qd1 Nc4 32. Bb4 Bh6 33. Rc3 Qc7 {Precision: White = 52%, Black = 85%.} 1/2-1/2

[Event "9th LCC FIDE Open 2017"]
[Site "London"]
[Date "2017.12.06"]
[Round "6"]
[White "Paterek, Michal"]
[Black "Williams, Simon K"]
[Result "0-1"]
[WhiteElo "2315"]
[BlackElo "2453"]
[Annotator "TA"]
[PlyCount "56"]
[EventDate "2017.??.??"]
[EventCountry "ENG"]
[SourceTitle "playchess.com"]
[Source "ChessBase"]
[SourceQuality "1"]

{[%evp 16,56,56,40,29,35,24,28,35,-44,-45,-40,-29,-68,-15,-130,-114,-155,-112,-123,-109,-116,-108,-125,-109,-122,-97,-83,0,-113,0,0,0,-443,-437,-440,-471,-1756,-1676,-3082,-935,-1776,-1542]} 1. d4 {[%cal Bd2d4,Bd4e5][%mdl 32]} d5 2. c4 e5 3. dxe5 d4 4. Nf3 Nc6 5. g3 Nge7 6. Bg2 Ng6 7. O-O Ngxe5 {D09: Albin Counter Gambit: Main line with 5 g3} 8. Nxe5 (8. Nbd2 Nxf3+ 9. Nxf3 Bc5 10. Ne1 O-O 11. Nd3 Be7 12. Bf4 a5 13. Qc1 Bf6 14. Rd1 Qe7 15. e3 {0-1 (30) Belous,V (2584)-Morozevich,A (2731) Moscow 2014}) 8... Nxe5 9. Qb3 {LiveBook: 4 Games} Be7 {White is slightly better.} 10. Rd1 O-O {[#]} 11. Nc3 $1 {[%mdl 512]} c6 $146 (11... dxc3 12. Rxd8) ({Predecessor:} 11... Be6 12. Nd5 c6 13. Nxe7+ Qxe7 14. Rxd4 Rfd8 15. Be3 Rxd4 16. Bxd4 Nxc4 {1-0 (84) Zakhartsov,V (2565)-Zablotsky,S (2518) Kemerovo 2007}) 12. e3 (12. Bf4 $14 Ng6 13. e3) 12... Bg4 $1 $15 {[%cal Rg4d1]} 13. Rxd4 Qc8 14. Re4 Bf6 ({Black should try} 14... Nf3+ $15 15. Kh1 (15. Bxf3 Bxf3 16. Rf4 Bg4 $11) 15... Bg5) 15. c5 {[#]} (15. Rd4 $1 $11) 15... Rd8 $1 $17 {[%mdl 1024] Black has strong compensation.} 16. Qa4 Qf5 {aiming for ...Nd3.} 17. Rf4 Qh5 18. h4 Kh8 19. Qe4 Re8 20. Qc2 Rad8 21. Bd2 Nd3 (21... Nf3+ $17 22. Bxf3 Bxf3) 22. Re4 (22. Rxf6 $11 {keeps the balance.} gxf6 23. Ne4) 22... Rf8 ({And not} 22... Nxc5 23. Rxe8+ Rxe8 24. Nd5 $14) (22... Be7 $17 23. Rd4 Nxc5) 23. Ra4 $1 $11 Bf3 24. Rxa7 $2 {[%mdl 8192]} (24. Bxf3 $11 {and White has nothing to worry.} Qxf3 25. Rf1) 24... Bxg2 $19 {Black is clearly winning.} 25. Kxg2 Qf5 26. e4 (26. Ne4 $142 Qxe4+ 27. Kg1) 26... Qxf2+ 27. Kh3 Nf4+ (27... Be5 $142 28. Ne2 Qxe2) 28. gxf4 Rxd2 {Precision: White = 32%, Black = 65%.} 0-1

[Event "9th LCC FIDE Open 2017"]
[Site "London"]
[Date "2017.12.06"]
[Round "6"]
[White "Kwon, Sehyun"]
[Black "Kotronias, Vasilios"]
[Result "0-1"]
[WhiteElo "2117"]
[BlackElo "2524"]
[Annotator "TA"]
[PlyCount "68"]
[EventDate "2017.??.??"]
[EventCountry "ENG"]
[SourceTitle "playchess.com"]
[Source "ChessBase"]
[SourceQuality "1"]

{[%evp 22,68,-15,-29,-33,-33,-29,-35,-23,-29,-30,-58,-57,-68,31,31,35,26,39,-70,-65,-56,-58,-28,-46,-46,0,0,0,0,0,-170,0,0,0,0,16,-235,-235,-406,-379,-678,-470,-899,-899,-869,-789,-758,-762]} 1. e4 c5 2. Nf3 d6 3. Bb5+ Nd7 4. d4 cxd4 5. Qxd4 a6 6. Bxd7+ Bxd7 7. Nc3 e5 8. Qd3 {B51: Sicilian: Moscow Variation (3 Bb5+) without 3...Bd7} Rc8 (8... h6 9. Nd2 Be6 10. Nc4 Rc8 11. Ne3 Nf6 12. O-O Be7 13. Rd1 O-O 14. Bd2 Rc5 15. a4 Qc8 {½-½ (31) Anand,V (2783)-Kasparov,G (2812) Saint Louis 2017}) 9. Bg5 Qc7 10. O-O Be6 $146 ({Predecessor:} 10... h6 11. Bh4 g5 12. Bg3 Nf6 13. Rfd1 Be7 14. Nd2 Be6 15. Nf1 h5 {0-1 (49) Radovic,J (2330)-Sorokin,A (2486) Mamaia 2017}) 11. Rfd1 h6 12. Bh4 {LiveBook: 3 Games} g5 13. Bg3 Nf6 {[%cal Bg8f6,Bf6g4,Bg4e3][%mdl 32]} 14. a4 Be7 15. Nd2 Rg8 16. Nf1 h5 {Strongly threatening ...h4.} 17. h4 gxh4 (17... Ng4 $15 18. hxg5 Bxg5 19. Qxd6 Qxd6 20. Rxd6 h4) 18. Bxh4 $14 Ng4 19. Bxe7 Kxe7 20. Ne3 (20. Nd5+ $14 Bxd5 21. Qxd5) 20... Nxe3 $15 21. Qxe3 Rg6 22. Rd2 Rcg8 23. f3 $1 Kf8 {Threatening ...Bh3.} 24. Rf1 h4 25. Rff2 Qd8 26. Kf1 $2 {[#]} (26. Kh1 $11) 26... b5 $2 (26... h3 $1 $19 {[%cal Rh3h2]} 27. g4 Qh4) 27. b3 $11 bxa4 28. Nxa4 h3 29. g4 $2 {[%mdl 8192] [#]} (29. gxh3 $1 $11 {and White is okay.} Bxh3+ 30. Ke2) 29... Qh4 $1 $19 30. Nc3 $2 (30. Nb6) 30... Rf6 31. Qb6 $2 (31. Rxd6 h2 32. Rxh2 Qxh2 33. Nd5 Qh3+ 34. Ke2 Qg2+ 35. Ke1 Qxf3 36. Rd8+ Kg7 37. Rxg8+ Kxg8 38. Nxf6+ Qxf6 39. g5) 31... Kg7 {Black is clearly winning.} 32. g5 (32. Qe3 $142 Rh8 33. g5) 32... Qxg5 33. Ke2 Qg1 {...Rxf3! is the strong threat.} 34. Rd1 h2 {Precision: White = 45%, Black = 67%.} 0-1

[Event "9th LCC FIDE Open 2017"]
[Site "London"]
[Date "2017.12.07"]
[Round "7"]
[White "Sargissian, Gabriel"]
[Black "Krishna C R G"]
[Result "1-0"]
[WhiteElo "2672"]
[BlackElo "2421"]
[Annotator "TA"]
[PlyCount "86"]
[EventDate "2017.??.??"]
[EventCountry "ENG"]
[SourceTitle "playchess.com"]
[Source "ChessBase"]
[SourceQuality "1"]

{[%evp 9,86,18,32,28,31,27,38,36,25,15,19,21,31,33,34,34,43,29,31,27,28,22,25,0,64,76,81,33,108,76,77,73,66,66,66,66,66,49,164,29,27,33,7,15,122,142,150,139,145,130,134,104,143,125,209,203,500,493,450,470,620,635,771,754,728,670,746,725,5106,2088,3076,2261,1470,1225,1098,962,718,717,1156]} 1. d4 d5 2. c4 c6 3. Nf3 Nf6 4. Nc3 a6 5. Qc2 e6 (5... dxc4 6. e4 b5 7. b3 b4 8. Nd1 c3 9. a3 e6 10. axb4 Bxb4 11. Ba3 c5 12. dxc5 Bxa3 13. Rxa3 {½-½ (23) Gelfand,B (2744)-Tomashevsky,E (2749) Khanty-Mansiysk 2015}) 6. e4 {D15: Slav Defence: 4 Nc3 a6 and gambit lines after 4 Nc3 dxc4} dxe4 7. Nxe4 Nxe4 8. Qxe4 {White is slightly better.} Bb4+ 9. Bd2 Bxd2+ 10. Nxd2 Nd7 11. O-O-O $146 ({Predecessor:} 11. Be2 O-O 12. O-O c5 13. dxc5 Nxc5 {½-½ (54) Sysoenko,A (2253)-Soldatov,R (2271) Evpatoria 2006}) 11... O-O 12. Bd3 {[%csl Gd3][%cal Re4h7]} Nf6 13. Qe5 b5 14. c5 a5 15. Ne4 Nd5 16. g4 b4 (16... f6 $11 17. Qd6 f5 18. Qxd8 Rxd8 19. gxf5 exf5) 17. g5 $14 Ba6 18. h4 {[%cal Bh2h4,Bh4h5,Bh5h6][%mdl 32]} Ne7 ({Better is} 18... Bxd3 $14 19. Rxd3 Qe7) 19. h5 Qd5 20. h6 {[%csl Gh6][%cal Re5g7]} Qxe5 21. dxe5 Bxd3 22. Rxd3 Rfd8 23. Rd6 $40 {[%mdl 128] White attacks.} Nf5 (23... Ng6 $14) 24. Rhd1 ({White should play} 24. Rxc6 $18 {Threatens to win with Nd6.} Rd5 25. f4 (25. hxg7 Rxe5 26. Re1 Kxg7 $14)) 24... Nxd6 $11 25. cxd6 {[%mdl 4096] Endgame [#] KRR-KRN} c5 $1 26. Ng3 (26. Nxc5 Rac8) 26... f6 (26... a4 $11) 27. gxf6 $16 gxf6 28. Ne4 Kf7 ({Don't play} 28... fxe5 $6 29. Rg1+ Kh8 30. Rg7 $16) 29. Nxf6 {aiming for Rg1.} Kg6 30. Kc2 {[%mdl 1024] White has strong compensation.} Kf5 {[#]} 31. Re1 $1 c4 {[#]} (31... Rf8 $16 {was necessary.}) 32. Nh5 $1 $18 a4 $2 (32... Rf8) 33. Ng7+ {White is clearly winning.} Kg6 34. Nxe6 b3+ 35. Kc3 Re8 36. Nc7 bxa2 37. Nxa8 Rxa8 {KR-KR} 38. e6 Rb8 39. Kc2 (39. e7 $142 Kf6 40. d7) 39... a3 40. bxa3 c3 41. Ra1 Kf6 42. Rxa2 Kxe6 43. a4 Kd5 {Precision: White = 64%, Black = 46%.} 1-0

[Event "9th LCC FIDE Open 2017"]
[Site "London"]
[Date "2017.12.07"]
[Round "7"]
[White "Nabaty, Tamir"]
[Black "Vakhidov, Jakhongir"]
[Result "1-0"]
[WhiteElo "2657"]
[BlackElo "2500"]
[Annotator "TA"]
[PlyCount "71"]
[EventDate "2017.??.??"]
[EventCountry "ENG"]
[SourceTitle "playchess.com"]
[Source "ChessBase"]
[SourceQuality "1"]

{[%evp 9,71,4,10,0,0,-1,0,0,342,47,37,43,28,40,254,250,242,235,391,397,383,383,395,379,397,400,403,398,402,384,382,392,389,399,399,387,398,389,378,389,472,454,581,578,664,607,681,672,885,872,845,845,29979,29980,29980,29981,29966,495,6303,1311,29983,29977,29973,29974]} 1. d4 Nf6 2. Nf3 g6 3. Nbd2 Bg7 4. e4 {[%cal Be2e4,Be4e5][%mdl 32]} O-O 5. e5 (5. Bd3 d6 6. O-O Nbd7 7. Re1 e5 8. c3 a5 9. Nf1 c6 10. Ng3 Qc7 11. Bg5 Re8 12. Qd2 b5 13. Bh6 Nf8 14. h3 Ne6 15. Bxg7 Kxg7 16. Rad1 {1-0 (34) Aronian,L (2793)-Nepomniachtchi,I (2732) Leuven 2017}) 5... Nh5 6. g4 {A48: 1 d4 Nf6 2 Nf3 g6: Torre, London and Colle Systems} Nf4 7. Ne4 d5 $146 ({Predecessor:} 7... Nd5 8. c4 Nb4 9. Qb3 d5 10. Neg5 c5 11. dxc5 N8c6 12. Bd2 a5 13. cxd5 {1-0 (50) Sandipan,C (2595)-Negi,P (2639) Dubai 2012}) 8. Ng3 {The position is equal.} f5 $2 {[%mdl 8192]} (8... Ne6 $1 $11) 9. Bxf4 $2 (9. gxf5 $18 Bh6 10. Nh4) 9... fxg4 $14 10. Qd2 gxf3 11. h4 {[#]} h5 $2 ({Black should try} 11... c5 $1 $14 {[%mdl 512]}) 12. Bd3 Qe8 13. Bh6 Bg4 $2 (13... Qf7 14. Rg1 Bg4) 14. Qg5 $18 Kh7 15. Bxg7 Kxg7 16. Rg1 {[#] Black must now prevent Nxh5+.} Rh8 17. Nf5+ (17. Bxg6 Qxg6 18. Nf5+ Bxf5 $16) 17... Bxf5 18. Bxf5 Rh6 19. e6 Nc6 20. O-O-O Qf8 {If only Black now had time for ...Qf6....} 21. Bxg6 Qf6 22. Bf7+ Qxg5+ 23. Rxg5+ Kh8 24. c3 Rf8 25. Rdg1 Rd8 26. b4 b5 27. Kd2 a5 28. a3 {[%cal Ba2a3,Ba3b4][%mdl 32]} axb4 29. axb4 Rf8 30. Ke3 Kh7 31. Rg7+ Kh8 32. Rg8+ Rxg8 33. Rxg8+ ({Less strong is} 33. Bxg8 Nd8 $16) 33... Kh7 34. Kf4 Rf6+ 35. Kg5 Rh6 36. Rc8 {Precision: White = 84%, Black = 49%.} 1-0

[Event "9th LCC FIDE Open 2017"]
[Site "London"]
[Date "2017.12.07"]
[Round "7"]
[White "Grandelius, Nils"]
[Black "Handke, Florian"]
[Result "1/2-1/2"]
[WhiteElo "2647"]
[BlackElo "2526"]
[Annotator "TA"]
[PlyCount "53"]
[EventDate "2017.??.??"]
[EventCountry "ENG"]
[SourceTitle "playchess.com"]
[Source "ChessBase"]
[SourceQuality "1"]

{[%evp 24,53,14,7,38,36,77,66,73,58,43,47,57,52,85,63,92,79,77,70,106,52,89,0,0,0,0,0,0,0,0,0]} 1. e4 c5 2. Nf3 Nc6 3. c3 Nf6 4. e5 Nd5 5. Bc4 e6 6. O-O d6 7. d4 cxd4 8. cxd4 Be7 9. exd6 {B22: Sicilian: 2 c3} Bxd6 10. Nc3 O-O 11. Re1 Nce7 12. Qd3 h6 13. Bb3 {LiveBook: 3 Games} Bd7 14. Bc2 {[%csl Gc2][%cal Rd3h7] [#]} Ng6 $146 ({Predecessor:} 14... Nf6 15. Ne4 Nf5 16. Nxf6+ Qxf6 {1-0 (35) Khamrakulov,D (2452)-Solodovnichenko,Y (2615) Tashkent 2012}) 15. Nxd5 exd5 16. Ne5 Rc8 17. Bd2 Bxe5 18. dxe5 {And now e6 would win.} Re8 19. Bc3 Qh4 20. Rad1 Be6 21. g3 Qh5 22. f4 (22. Rd2 $16) 22... d4 $1 $14 {[%cal Rd4c3]} 23. Qxd4 ({White should try} 23. Bb4 $16) 23... Nh4 $1 $11 {[%cal Rh4f3] [#] Threatens to win with ...Nf3+.The position is equal.} 24. gxh4 Qg4+ 25. Kh1 Qf3+ 26. Kg1 Qg4+ 27. Kh1 {Precision: White = 66%, Black = 54%.} 1/2-1/2

[Event "9th LCC FIDE Open 2017"]
[Site "London"]
[Date "2017.12.07"]
[Round "7"]
[White "Melkumyan, Hrant"]
[Black "Hawkins, Jonathan"]
[Result "1-0"]
[WhiteElo "2633"]
[BlackElo "2579"]
[Annotator "TA"]
[PlyCount "129"]
[EventDate "2017.??.??"]
[EventCountry "ENG"]
[SourceTitle "playchess.com"]
[Source "ChessBase"]
[SourceQuality "1"]

{[%evp 19,129,0,0,-10,10,0,84,0,0,0,0,0,0,0,0,-11,-20,-25,0,-6,0,0,0,0,0,0,0,0,0,0,0,0,0,0,0,0,0,0,41,0,54,5,17,0,15,16,16,13,70,70,95,95,95,95,95,95,255,95,573,201,208,208,255,255,247,201,193,113,418,403,491,491,614,614,873,852,743,491,491,491,666,675,608,0,4154,4147,4139,491,1407,1209,4139,4139,4132,4132,3770,2596,29943,1268,671,0,29951,29958,29959,1820,4798,2270,1083,1075,1054,1028,838,806]} 1. d4 d5 2. c4 e6 3. Nc3 Nf6 4. Nf3 dxc4 5. e4 Bb4 6. Bxc4 {D24: Queen's Gambit Accepted: 3 Nf3 Nf6 4 Nc3} (6. Bg5 h6 7. Bxf6 Qxf6 8. Bxc4 O-O 9. O-O c5 10. e5 Qd8 11. Qe2 cxd4 12. Rad1 Bxc3 13. bxc3 Bd7 14. cxd4 Bc6 15. Rfe1 Re8 16. Qe3 Nd7 17. d5 Bxd5 18. Bxd5 exd5 19. Rxd5 {½-½ (35) Radjabov,T (2741)-Salgado Lopez,I (2629) Heraklio 2017}) 6... Nxe4 7. O-O Nxc3 8. bxc3 Be7 9. Qe2 O-O 10. Rd1 Nd7 {LiveBook: 6 Games} 11. Ne5 c5 $146 ({Predecessor:} 11... Qe8 12. Rd3 Nxe5 13. dxe5 b5 {1-0 (37) Sunilduth Lyna,N (2481)-Lu,S (2615) Olongapo City 2015}) 12. Bf4 Qa5 (12... Nxe5 $11 13. Bxe5 cxd4) 13. d5 (13. Nxf7 $1 $16 Nb6 14. Nd6 Rxf4 15. Bxe6+ Kh8 16. Nxc8 Rxc8 17. Bxc8 Nxc8 18. Rab1) 13... Qa4 $1 $11 14. Bg3 (14. Bb5 {feels hotter.} Qxf4 15. Nxd7 Bxd7 16. Bxd7 Bf6 17. dxe6 fxe6 18. g3) 14... Nxe5 15. Bxe5 {aiming for Bb5.} exd5 16. Bxd5 {Strongly threatening Bxg7!} Be6 17. Bxe6 fxe6 18. Bd6 Bxd6 19. Qxe6+ Rf7 20. Qxd6 b6 21. Qd5 Re8 22. Re1 Qd7 23. Rxe8+ Qxe8 {[%mdl 4096] Endgame KQR-KQR} 24. g3 Qe2 25. Rf1 g6 26. a4 Qf3 27. Qd2 Qe4 {[#]} 28. a5 $1 {[%mdl 512]} b5 (28... bxa5 29. Qd8+) 29. Re1 Qf5 (29... Rd7 $1 $11) 30. Qe3 Kg7 31. Rd1 b4 32. cxb4 cxb4 33. a6 h6 ({Better is} 33... Qf6 $11) 34. Rd6 $1 $14 g5 35. h4 $1 {[%cal Bh2h4,Bh4h5][%mdl 32]} b3 {White must now prevent ...b2.} 36. Qd4+ Kh7 37. h5 $1 g4 $2 {[#]} (37... Qb1+ $16 38. Kg2 Qc2) 38. Rd8 $2 (38. Qe3 $1 $18 {[%cal Re3h6] and the rest is easy.} Kg8 39. Rg6+ Kh8 40. Rxh6+ Kg8 41. Rg6+ Kh8 42. Rd6) 38... Rg7 $2 {[%mdl 8192]} (38... Qf6 $16 {is tougher.}) 39. Rb8 $2 (39. Ra8 b2 40. Qxb2 Qxh5 41. Qd4) 39... Qxh5 $18 40. Rxb3 {Threatens to win with Rb7.} Qg6 41. Qc4 (41. Rb7 Rxb7 42. axb7 Qb1+ 43. Kh2 Qxb7 $11) 41... Qf7 42. Qd3+ Qg6 {[#]} 43. Qe2 ({White should play} 43. Qf1 $1 $18) 43... Rf7 $2 {[%mdl 8192]} (43... Rc7 $16 {is more resistant.} 44. Rb4 Rc1+ 45. Kg2 Qc6+ 46. Qe4+ Qxe4+ 47. Rxe4 Rc7) 44. Rb4 h5 45. Rb5 Rd7 46. Qe5 Rf7 47. Rb8 {[%csl Gb8][%cal Re5h8]} Rg7 48. Kh2 {Rb7 is the strong threat.} Qxa6 49. Rf8 {Hoping for Qe8.} ({Stronger than} 49. Qxh5+ Qh6 $11) 49... Qc6 50. Rf6 ({Inferior is} 50. Qxh5+ Qh6 $11) 50... Qd7 51. Rf8 $2 (51. Qf4 $18 {And now Rh6+ would win.} Kg8 52. Qb8+ Kh7 53. Qf4) 51... Kg6 $2 {[%mdl 8192]} (51... Qc6 $11 52. Rf5 (52. Qxh5+ Qh6 $14) 52... h4 53. Rh5+ (53. gxh4 Qc7 $16) 53... Kg8 54. Rxh4 a6) 52. Qe4+ Kg5 53. Re8 (53. Qf4+ $142 Kg6 54. Qe4+ Kg5 55. Rh8) 53... Kf6 (53... Qf5 $142 54. Re5 Qxe5 55. Qxe5+ Kh6 56. Qf6+ Kh7) 54. Rh8 Kf7 55. Qf4+ Ke7 56. Rh6 {Threatening mate with Qf6+.} Ke8 57. Qf6 {White threatens Rh8+ and mate.} Qe7 58. Qc6+ (58. Rh8+ $142 Kd7 59. Qd4+ Kc7 60. Qxa7+ Kc6 61. Qa6+ Kd7 62. Qb5+ Kc7 63. Rh6) 58... Qd7 59. Qf6 (59. Qc5 $18) 59... Qe7 $1 {[%cal Re7f6]} 60. Rh8+ Kd7 61. Qf5+ (61. Qd4+ $142 Kc7 62. Qxa7+ Kd6 63. Qb6+ Kd7 64. Qb5+ Kc7 65. Rh6 Rg8 66. Ra6) 61... Kc7 {White is clearly winning.} 62. Qc8+ (62. Qa5+ $142 Kb7 63. Qb5+ Kc7 64. Qb8+ Kc6 65. Rc8+ Qc7 66. Rxc7+ Rxc7 67. Qe8+ Kb6 68. Qxh5) 62... Kb6 63. Rh6+ Kb5 64. Qc6+ Kb4 65. Re6 {Precision: White = 58%, Black = 37%.} 1-0

[Event "9th LCC FIDE Open 2017"]
[Site "London"]
[Date "2017.12.07"]
[Round "7"]
[White "Cornette, Matthieu"]
[Black "Ladron De Guevara Pinto, Paolo"]
[Result "1-0"]
[WhiteElo "2606"]
[BlackElo "2422"]
[Annotator "TA"]
[PlyCount "83"]
[EventDate "2017.??.??"]
[EventCountry "ENG"]
[SourceTitle "playchess.com"]
[Source "ChessBase"]
[SourceQuality "1"]

{[%evp 16,83,8,18,17,0,15,27,20,-16,-26,-26,-16,-18,-22,-26,-24,-16,-8,-29,-22,-65,-28,-22,-8,-22,0,0,0,0,16,11,15,17,8,7,14,0,37,41,43,20,31,0,0,0,0,0,0,0,0,0,0,0,0,0,0,4,23,36,29,22,210,133,272,268,422,427,578,575]} 1. e4 e5 2. Nf3 Nc6 3. Bb5 g6 4. d4 exd4 5. c3 (5. Bg5 Be7 6. Bxe7 Qxe7 7. Bxc6 dxc6 8. Qxd4 Nf6 9. Nc3 Bg4 10. Nd2 c5 11. Qe3 O-O-O 12. h3 Bd7 13. O-O-O Bc6 14. f3 b6 15. Rhe1 h5 16. Nc4 Rhe8 17. Rxd8+ Rxd8 {1-0 (40) Liang,A (2554)-Cordova,E (2608) Saint Louis 2017}) 5... dxc3 6. Nxc3 {C60: Ruy Lopez: Unusual Black 3rd moves and 3...g6} h6 7. O-O Bg7 8. Bd2 Nge7 9. Qc1 {LiveBook: 3 Games} d6 10. Nd5 Kf8 $1 11. Bc3 Nxd5 12. Bxg7+ $146 ({Predecessor:} 12. exd5 Ne7 {1-0 (54) Neelotpal,D (2475)-Shyam,N (2436) Thiruvarur 2015}) 12... Kxg7 13. exd5 Ne7 14. Qc3+ Kh7 15. Rfd1 Bd7 16. Bxd7 Qxd7 17. Rac1 {[%cal Ba1c1,Bc1c4,Bc4f4][%mdl 32]} Rac8 18. Qf6 {[%cal Rf6f7] [#]} Rhf8 19. Rc4 Ng8 20. Qd4 b6 21. Qc3 Rfe8 22. h4 {[%cal Bh2h4,Bh4h5][%mdl 32]} Re7 23. g3 b5 24. Rf4 c5 $132 {[%mdl 2048] Black is fighting back} 25. dxc6 Qxc6 26. Qb3 Qc7 27. h5 a6 28. Qd3 {Threatens to win with Rxf7+!} Re6 29. Kg2 {[#] aiming for Rc1!} Kg7 30. hxg6 fxg6 31. Qd4+ Nf6 32. Re1 Qf7 33. Rxe6 Qxe6 34. Qa7+ Qd7 35. Qxa6 Rc2 $1 36. Qb6 Rc5 {Strongly threatening ...Nd5.} 37. Rd4 Nd5 38. Qa6 Rc6 $2 (38... g5 $1 $11 39. Rd3 Qe6) 39. Qa5 Qc7 (39... Rc5 $16 {was worth a try.}) 40. Qxb5 $18 Ne7 (40... Nf6 {was necessary.} 41. a4 Rc1) 41. Re4 Rc5 42. Qe8 {Precision: White = 79%, Black = 46%.} 1-0

[Event "9th LCC FIDE Open 2017"]
[Site "London"]
[Date "2017.12.07"]
[Round "7"]
[White "Moussard, Jules"]
[Black "Nihal Sarin"]
[Result "1/2-1/2"]
[WhiteElo "2576"]
[BlackElo "2507"]
[Annotator "TA"]
[PlyCount "82"]
[EventDate "2017.??.??"]
[EventCountry "ENG"]
[SourceTitle "playchess.com"]
[Source "ChessBase"]
[SourceQuality "1"]

{[%evp 9,82,0,6,0,6,6,7,4,5,6,6,0,9,0,8,0,13,21,23,12,25,0,0,0,3,2,10,12,10,0,0,0,0,0,0,0,0,-118,0,-8,-5,-54,-48,-42,0,-11,-9,-8,-16,-15,0,0,0,0,0,0,0,0,0,0,0,0,0,0,0,0,0,0,0,0,0,0,0,0,0]} 1. Nf3 c5 2. b3 d6 3. c4 e5 (3... g6 4. Bb2 e5 5. Nc3 Bg7 6. d3 Nc6 7. e3 f5 8. g3 Nf6 9. Bg2 O-O 10. O-O f4 11. Nd5 fxe3 12. fxe3 Nxd5 13. cxd5 Nb4 14. e4 Bd7 15. a3 {0-1 (31) Bacrot,E (2708)-Vachier Lagrave,M (2796) Paris 2017}) 4. Nc3 f5 5. g3 Nc6 6. Bg2 {A04: Unusual lines after 1 Nf3 and King's Indian Attack} g6 7. Bb2 Bg7 8. d3 $146 ({Predecessor:} 8. O-O Nf6 9. e3 e4 10. Ne1 O-O 11. d3 {0-1 (26) Steiner,H-Freyer,K Germany 1986}) 8... Nge7 9. e3 O-O 10. O-O h6 11. Nd2 Be6 12. a3 Bf7 13. Nd5 Rb8 14. Qc2 b5 15. Bc3 Qd7 16. b4 Rfc8 (16... bxc4 {seems wilder.} 17. Nxe7+ Nxe7 18. dxc4 Rfc8 19. Rfb1 d5) 17. bxc5 dxc5 {[%cal Re7d5]} 18. Nxe7+ Qxe7 19. cxb5 Nd4 $1 {[%cal Rd4c2]} 20. exd4 cxd4 21. Bb4 $1 Rxc2 22. Bxe7 Rxd2 23. a4 (23. Bc6 $1 $11 {keeps the balance.}) 23... Bf8 ({Better is} 23... Rxd3 $17 {aiming for ...e4.} 24. Bc5 e4 25. Bxa7 Rb7) 24. Bxf8 Kxf8 25. Rfe1 Rxd3 26. Rxe5 {White wants to play a5.} Rb3 27. Bf1 {The position is equal.} d3 {And now ...d2 would win.} 28. Rd1 Rd8 {White must now prevent ...d2.} 29. Rc5 Ra3 {...d2 is the strong threat.} 30. a5 d2 31. b6 axb6 $1 ({Don't blunder} 31... Bb3 $2 32. Rxd2 $1 {[%mdl 512]} Re8 33. bxa7 $18) 32. axb6 {Strongly threatening b7.} Rb3 ({But not} 32... Bb3 $2 {[#]} 33. Rxd2 $1 {[%mdl 512]} (33. b7 Bxd1 34. Rc8 Rb3 $16) 33... Rb8 34. Rd6 $18) 33. Bb5 {Hoping for b7.} Be8 34. Bxe8 Kxe8 $11 {[%mdl 4096] Endgame KRR-KRR} 35. Rc6 Kf7 36. h4 h5 37. Rc7+ Kf6 38. b7 Rd6 39. Kf1 Rb2 40. Ke2 Re6+ 41. Kd3 Reb6 {Precision: White = 76%, Black = 65%.} 1/2-1/2

[Event "9th LCC FIDE Open 2017"]
[Site "London"]
[Date "2017.12.07"]
[Round "7"]
[White "Le Roux, Jean-Pierre"]
[Black "Vo, Thi Kim Phung"]
[Result "1/2-1/2"]
[WhiteElo "2560"]
[BlackElo "2380"]
[Annotator "TA"]
[PlyCount "34"]
[EventDate "2017.??.??"]
[EventCountry "ENG"]
[SourceTitle "playchess.com"]
[Source "ChessBase"]
[SourceQuality "1"]

{[%evp 16,17,20,8]} 1. d4 Nf6 2. Nf3 g6 3. Bg5 Bg7 4. Nbd2 d5 5. e3 O-O 6. Bd3 c5 7. c3 Qb6 8. Rb1 Nc6 9. O-O {Vorgänger:} Re8 $146 10. b4 cxd4 11. exd4 Bf5 12. Bxf5 gxf5 13. Bxf6 Bxf6 14. Nb3 e6 15. Qd2 Qc7 16. Qh6 Bg7 17. Qh5 f6 {½-½ (35) Salgado Lopez,I (2592)-Illescas Cordoba,M (2604) Tossa de Mar 2010} 1/2-1/2